Kochannja je inde Uryvok

Podrobná bibliografia
Hlavný autor: Muraško, Taras, 1970- (Autor)
Médium: Článok
Jazyk:slovenčina
ukrajinčina
Predmet:

MARC

LEADER 00000nab a2200000 a 4500
001 vtls000630801
003 SK-MaSNL
005 20260304092610.0
008 250425c1997 xo 0 slo
015 |a SNBRB19rr/mm-uuuuu 
035 |a CL0630940 
035 |a urn:nbn:sk:snk-abbqz6 
035 |a (urnnbn)urn:nbn:sk:snk:ar-00108n 
035 |a (uuid)5ce2ffa1-9747-48cf-944e-77b0b98baf76 
040 |a SNKBUCL  |b slo  |c SNKBUCL  |e AACR2 
041 0 |a ukr 
044 |a xo  |c SK 
080 |a 883 (437.1)-3=83  |2 1981 
100 1 |a Muraško, Taras,  |d 1970-  |4 aut  |9 122233 
245 1 0 |a Kochannja je inde  |b Uryvok  |c Taras Muraško 
650 0 7 |a prózy spoločenské  |2 snkbucl  |9 899777 
650 0 7 |a prózy experimentálne  |2 snkbucl  |9 944277 
655 7 |a články z novín a časopisov  |2 snkbucl  |9 267496 
773 0 |t Duklja  |g Roč. 45, č. 1 (1997), s. 11-12 
850 |a Slovenská národná knižnica 
852 |a Slovenská národná knižnica 
958 |a article15 
958 |a OND 
958 |a CZ 
958 |a LX 
958 |a NX 
958 |a UK 
958 |a RK 
958 |a EUIPO 
992 |a RBX 
999 |c 2819646  |d 2821576